LAA Weekend briefing `84 [at] Royal Agricultural College, Cirencester, 7th - 9th September 1984 (Record no. 88441)

MARC details
000 -LEADER
fixed length control field 00655cam a2200193 4500
001 - CONTROL NUMBER
control field D15575
008 - FIXED-LENGTH DATA ELEMENTS--GENERAL INFORMATION
fixed length control field 090401t1984 xxu||||| |||| 00| 0 eng d
035 ## - SYSTEM CONTROL NUMBER
System control number (Sirsi) u23736
041 ## - LANGUAGE CODE
Language code of text/sound track or separate title eng
110 ## - MAIN ENTRY--CORPORATE NAME
Corporate name or jurisdiction name as entry element Royal Institution of Chartered Surveyors
9 (RLIN) 4900
245 ## - TITLE STATEMENT
Title LAA Weekend briefing `84 [at] Royal Agricultural College, Cirencester, 7th - 9th September 1984
260 ## - PUBLICATION, DISTRIBUTION, ETC.
Place of publication, distribution, etc. London
Name of publisher, distributor, etc. Surveyors` Technical Services
Date of publication, distribution, etc. 1984
300 ## - PHYSICAL DESCRIPTION
Extent Programme and Synopsis. attendance list. biographical note
350 ## - PRICE (NR) (BK AM CF MU VM SE) [OBSOLETE]
Price 0
520 ## - SUMMARY, ETC.
Summary, etc. Filed in box RICS 1984/44 ABC
710 ## - ADDED ENTRY--CORPORATE NAME
Corporate name or jurisdiction name as entry element Land Agency and Agriculture Division
9 (RLIN) 773
942 ## - ADDED ENTRY ELEMENTS (KOHA)
Suppress in OPAC 0
948 ## - LOCAL PROCESSING INFORMATION (OCLC); SERIES PART DESIGNATOR (RLIN)
c (OCLC) 04/03/1997
Holdings
Withdrawn status Lost status Source of classification or shelving scheme Damaged status Not for loan Home library Current library Shelving location Date acquired Total Checkouts Full call number Barcode Date last seen Copy number Price effective from Koha item type
    Other/Generic Classification Scheme     London London RICS Boxes 14/09/1999   RICS 1984/44 30007683 06/08/2019 1 06/08/2019 Reference material
    Other/Generic Classification Scheme     London London RICS Boxes 12/08/1991   RICS 1984/44 30007684 06/08/2019 2 06/08/2019 Reference material
    Other/Generic Classification Scheme     London London RICS Boxes 12/08/1991   RICS 1984/44 30007685 06/08/2019 3 06/08/2019 Reference material
    Other/Generic Classification Scheme     London London RICS Boxes 12/08/1991   RICS 1984/44 30007686 06/08/2019 4 06/08/2019 Reference material
    Other/Generic Classification Scheme     London London RICS Boxes 12/08/1991   RICS 1984/44 30007687 06/08/2019 5 06/08/2019 Reference material
    Other/Generic Classification Scheme     London London RICS Boxes 12/08/1991   RICS 1984/44 30007688 06/08/2019 6 06/08/2019 Book
    Other/Generic Classification Scheme     London London RICS Boxes 12/08/1991   RICS 1984/44 30007689 06/08/2019 7 06/08/2019 Book
    Other/Generic Classification Scheme     London London RICS Boxes 12/08/1991   RICS 1984/44 30007690 06/08/2019 8 06/08/2019 Book
    Other/Generic Classification Scheme     London London RICS Boxes 12/08/1991   RICS 1984/44 30007691 06/08/2019 9 06/08/2019 Book
    Other/Generic Classification Scheme     London London RICS Boxes 12/08/1991   RICS 1984/44 30007692 06/08/2019 10 06/08/2019 Book
    Other/Generic Classification Scheme     London London RICS Boxes 12/08/1991   RICS 1984/44 30007693 06/08/2019 11 06/08/2019 Book
    Other/Generic Classification Scheme     London London RICS Boxes 12/08/1991   RICS 1984/44 30007851 06/08/2019 12 06/08/2019 Reference material
    Other/Generic Classification Scheme     London London RICS Boxes 08/01/1992   RICS 1984/44 30024918 06/08/2019 13 06/08/2019 Archive